000 00550nam a2200217Ia 4500
003 OSt
005 20220928135009.0
006 a|||||r|||| 00| 0
007 ta
008 220927b |||||||| |||| 00| 0 eng d
024 _a402
037 _cTextual
040 _aSDCL
_cSDCL
_beng
041 _2eng
_aeng
082 _aX0gY, M3
100 _aSuzumura Kotaro
_9489201
245 0 _aRational collective decisions, and social welfare
260 _c1983
942 _hX0gY, M3
_cTEXL
_2CC
999 _c804426
_d804426